00241nam a2200097Ia 4500008004100000100001500041245004700056260002300103260000900126300000800135170620s9999 xx 000 0 und d aLau-Suresh 0aPhysical Education for Handicaped Children bNew delhi.Khel.S.k c2003 a169